00235nam a22000977a 4500008004100000041000800041080000800049100000600057101000800063245006600071180125b xxu||||| |||| 00| 0 eng d aeng a591 a7 azoo abees their vision chemicak senses and languageckarl.v.f